000 00749nam a2200241 i 4500
001 bg
100 1 _aOLEJNICZUK-MERTA, Anna
245 1 0 _aRynek młodych konsumentów /
_cAnna Olejniczuk-Merta.
260 _aWarszawa :
_b"Difin",
_c2001.
300 _a209 s. :
_bil. ;
_c23 cm.
650 9 _aArtykuły konsumpcyjne
_xpolityka
_zPolska
650 9 _aDziecko
_xzagadnienia
_zPolska
650 9 _aRynek
_xpolityka
_zPolska
650 9 _aSpożycie
_xbadanie
_zPolska
020 _a8372511225
040 _cBPK
041 0 _apl
080 _a339.13:330.567.4:366-053.2](438)
920 _a83-7251-122-5
942 _cKS
008 s pl f |000 0 pol
999 _c41553
_d41553
856 _uhttp://koha.tu.koszalin.pl/cgi-bin/koha/opac-detail.pl?biblionumber=41553
_yKatalog online BPK